00683nam a2200181 i 450000100060000000300090000600500170001500700030003200800410003504000200007610000310009624501850012726000580031230000220037065100530039265100350044585200210048048664ES-MaACL20240228210416.0t|950728s1847 sp ||||1| spa d aCAM bspa cCAM1 aDiaz de Labandero, Gaspar.10aHistoria de la guerra civil de Catauña en su última época, terminada con la emigración a Francia de las tropas carlistas de 1840 / cescrita por Gaspar Díaz de Labandero. aMadrid : b[s.n.], c1847 (fViuda de Jordan e hijos) a431 p. ; c20 cm. 4aEspaña-xHistoria-y1833-1840, Guerra carlista 4aCataluña-xHistoria-yS.XIX. aES-MaACLjB-3051